000 01111nam a22003377a 4500
003 CHAP
005 20220329133123.0
008 971013s1991 r 00010 d
010 _a2371
011 _a3343
035 _a2543
040 _cCHAP
090 _aTesis
100 0 0 _aGarcía Moncada, Sergio.
_946321
245 _aEfecto de las aplicaciones de PIX (Bio-regulador del Crecimiento en cebolla [Allium cepa L.]
260 _aChapingo, Méx. :
_bEl Autor,
_c1991
300 _a58 h.
_b: ilus.
500 _aD45-154
502 _aTesis (Ing. Agr. Esp. en Fitotecnia) -- UACH. Departamento de Fitotecnia
590 _aALEPH
_b10
_c20130110
_lUCH01
_h1212
590 _aBATCH-UPD
_b10
_c20130110
_lUCH01
_h1544
590 _aBATCH-UPD
_b10
_c20130410
_lUCH01
_h0945
590 _aBATCH-UPD
_b10
_c20130914
_lUCH01
_h0905
590 _aCONVERSION
_b10
_c20130109
_lUCH01
_h1303
650 1 4 _aCebolla
_xCrecimiento.
_920759
650 1 4 _aCebolla
_xRendimiento.
_920801
650 1 4 _aPlantas
_xCrecimiento
_xAditivos.
_988804
901 _aBK
942 _cTESIS
949 _bBC
_cTES
_d-12044
_eTS1
_h24129
_i2543
_si
999 _c2371
_d2371